Colinvaux's law of insurance / (Record no. 4304)

MARC details
000 -LEADER
fixed length control field 00755cam a22002292 4500
001 - CONTROL NUMBER
control field 0000021398
005 - DATE AND TIME OF LATEST TRANSACTION
control field 20151217145936.0
008 - FIXED-LENGTH DATA ELEMENTS--GENERAL INFORMATION
fixed length control field 120423s xx 000 0 eng d
020 ## - INTERNATIONAL STANDARD BOOK NUMBER
International Standard Book Number 8190865005 :
040 ## - CATALOGING SOURCE
Original cataloging agency KABU
Transcribing agency KABU
245 10 - TITLE STATEMENT
Title Colinvaux's law of insurance /
Statement of responsibility, etc. Robert Merkin.
250 ## - EDITION STATEMENT
Edition statement 8th South Asian ed.
260 ## - PUBLICATION, DISTRIBUTION, ETC. (IMPRINT)
Place of publication, distribution, etc. London :
Name of publisher, distributor, etc. Sweet & Maxwell,
Date of publication, distribution, etc. 2009.
300 ## - PHYSICAL DESCRIPTION
Extent cxxxv, 976 p.
650 #0 - SUBJECT ADDED ENTRY--TOPICAL TERM
Topical term or geographic name as entry element Insurance law
Geographic subdivision Great Britain.
-- 0000158698
700 1# - ADDED ENTRY--PERSONAL NAME
Personal name Merkin, Robert.
-- 0000181533
852 1# - LOCATION
-- p16517 KES
852 1# - LOCATION
-- p16517 KES
852 1# - LOCATION
-- p16517 KES
908 ## - PUT COMMAND PARAMETER (RLIN)
Put command parameter 120423
950 ## - LOCAL HOLDINGS (RLIN)
-- 1
Holdings
Withdrawn status Lost status Source of classification or shelving scheme Not for loan Home library Current library Date acquired Total Checkouts Full call number Barcode Date last seen Date last checked out Price effective from Koha item type
    Library of Congress Classification   Kabarak, Main Campus Kabarak, Main Campus 17/12/2015 1 KD1859 .C65 2009 c. 3 21031 17/11/2018 06/11/2018 17/12/2015 General Collection
    Library of Congress Classification   Kabarak, Main Campus Kabarak, Main Campus 17/12/2015   KD1859 .C65 2009 c. 4 21034 17/12/2015   17/12/2015 General Collection
    Library of Congress Classification   Kabarak, Main Campus Kabarak, Main Campus 17/12/2015   KD1859 .C65 2009 c. 1 21033 17/12/2015   17/12/2015 General Collection
    Library of Congress Classification   Kabarak, Main Campus Kabarak, Main Campus 17/12/2015 1 KD1859 .C65 2009 c. 2 21032 23/10/2017 13/10/2017 17/12/2015 General Collection
Designed with assistance from East African Informatics Ltd